Statistics for A to Z: Movie Quotes #2

Click here to take the quiz!

General Stats

  • This quiz has been taken 76 times
    (58 since last reset)
  • The average score is 10 of 26

Answer Stats

HintAnswer% Correct
BHey McFly! I Thought I told you never to come in here again!Back To The Future
98%
JWe're gonna need a bigger boat.Jaws
92%
EI am your father!The Empire Strikes Back
81%
KTwas' beauty killed the beast.King Kong
69%
HThere's no such thing as magic!Harry Potter
63%
SSilver white winters that melt into spring, these are a few of my favorite thing.The Sound of Music
52%
XWhat do they call you? Wheels?X-Men
52%
UThe greatest trick the Devil ever pulled was convincing the world he didn't exist.The Usual Suspects
46%
OI could of been a contender. I coulda been somebody, instead of a bumOn The Waterfront
44%
YI shall look forward personally to exterminating you, Mr. Bond.You Only Live Twice
42%
LHe's not the messiah; he's a very naughty boy.Life of Brian
40%
CThere was me. That is, Alex. And my three droogs.A Clockwork Orange
37%
ITeacher says every time a bell rings an angel gets his wings.It's A Wondeful Life
35%
VIdeas are bulletproof.V-For Vendetta
35%
PYou are one ugly motherfucker.Predator
27%
TChoose life. Choose a job. Choose a career. Choose a family.Trainspotting
27%
GNow go home and get your fucking shine box.Goodfellas
25%
MBoo! You whore.Mean Girls
25%
WNot quite my tempo.Whiplash
25%
RThis is the world's smallest violin playing just for the waitresses.Reservoir Dogs
19%
DMadness, as you know, is like gravity. All it takes is a little push!The Dark Knight
19%
FI am Jack's smirking revenge.Fightclub
13%
ASabrina, don't just stare at it, eat it!American Psycho
10%
ZWhile I stood here talking peace, a war has started.Zulu
10%
NThe moment I meet an attractive woman I have to start pretending I have no desire to make love to her.North By Northwest
2%
QI was in the neighborhood, and I thought I'd invade. How about a kiss?Quest for Camelot
2%

Score Distribution

Percentile by Number Answered

Percent of People with Each Score

Your Score History

You have not taken this quiz since the last reset